000 00306nam a22001337a 4500
008 171012b xxu||||| |||| 00| 0 eng d
020 _a9780155037175
041 _aeng
080 _26 D
_a316
100 _a50
101 _aSOC
245 _aSOCIOLOGY IN CHANGING WORLD
_cKORBLUM.W
942 _2udc
_cBK
999 _c33467
_d33467